000 00710cam a2200193 i 4500
005 20251127114943.0
008 250721s2003 jo gr 000 0 ara d
082 1 4 _a211.86
_bف ل ا
100 1 _aالفلاحي، حامد حسين
_eمعد.
245 1 0 _aنساء في القرآن :
_bكما ورد ذكرهن في ظلال القرآن /
_cإعداد حامد حسين الفلاحي.
264 3 1 _aالأردن :
_bدار الكتاب الثقافي،
_c2003.
300 _a137 صفحة.
650 1 7 _aالقرآن.
650 1 7 _aالمرأة المسلمة.
650 1 7 _aالإسلام.
650 1 7 _aالثقافة الإسلامية.
942 _2ddc
_cBK
999 _c98792
_d98792